| 000 | 00511nam a2200205Ia 4500 | ||
|---|---|---|---|
| 005 | 20250425160709.0 | ||
| 008 | 250425s9999 xx 000 0 und d | ||
| 020 | _a020114509X | ||
| 041 | _aeng | ||
| 082 | _a658.155 | ||
| 100 | _aPARK, CHAN S. | ||
| 245 | 0 | _aINSTRUCTION'S MANUAL : CONTEMPORARY ENGINEERING ECONOMICS | |
| 250 | _aS.E. | ||
| 260 |
_aEstados Unidos _bADDISON - WESLEY _c1993 |
||
| 260 | _aREADING | ||
| 300 | _a500 | ||
| 650 | _aINGENIERIA ECONOMICA | ||
| 942 | _c01 | ||
| 010 | _a2583 | ||
| 999 |
_c194314 _d194314 |
||